De la casa de muñecas al estado de bienestar, ¿y después? /
שמור ב:
| מחבר ראשי: | |
|---|---|
| מחברים אחרים: | |
| פורמט: | Texto |
| נושאים: | |
| תגים: |
הוספת תג
אין תגיות, היה/י הראשונ/ה לתייג את הרשומה!
|
MARC
| LEADER | 00000 a a2200000 04500 | ||
|---|---|---|---|
| 001 | 18959 | ||
| 003 | |||
| 040 | |||
| 100 | |a Therborn, Göran | ||
| 245 | |a De la casa de muñecas al estado de bienestar, ¿y después? / |c Göran Therborn ; Margaretta Bertilsson | ||
| 650 | |a SOCIOLOGIA | ||
| 650 | |a CAMBIO SOCIAL | ||
| 650 | |a MODERNIZACION | ||
| 650 | |a ESTADO | ||
| 650 | |a SOCIOLOGOS | ||
| 650 | |a CONF | ||
| 700 | |a Bertilsson, Margaretta | ||
| 773 | |g número 82 -83; páginas 185-202 | ||
| 999 | |c 34911 |d 34911 | ||
